A treatise of human nature (Record no. 7045)

000 -LEADER
fixed length control field 00567 a2200193 4500
020 ## - INTERNATIONAL STANDARD BOOK NUMBER
International Standard Book Number 0198751729
020 ## - INTERNATIONAL STANDARD BOOK NUMBER
International Standard Book Number 0198751729
040 ## - CATALOGING SOURCE
Original cataloging agency DLC
Language of cataloging DLC
082 ## - DEWEY DECIMAL CLASSIFICATION NUMBER
Classification number 121
100 1# - MAIN ENTRY--PERSONAL NAME
Personal name Hume, David,
245 12 - TITLE STATEMENT
Title A treatise of human nature
Statement of responsibility, etc. David Hume, David Fate Norton, Mary J. Norton, David Fate Norton.
260 ## - PUBLICATION, DISTRIBUTION, ETC.
Place of publication, distribution, etc. Oxford ;
-- New York :
Name of publisher, distributor, etc. Oxford University Press,
Date of publication, distribution, etc. 2000.
300 ## - PHYSICAL DESCRIPTION
Extent 622 p.
440 #0 - SERIES STATEMENT/ADDED ENTRY--TITLE
Title Oxford philosophical texts.
650 #0 - SUBJECT ADDED ENTRY--TOPICAL TERM
Topical term or geographic name entry element Knowledge, Theory of.
700 1# - ADDED ENTRY--PERSONAL NAME
Personal name Norton, David Fate.
700 1# - ADDED ENTRY--PERSONAL NAME
Personal name Norton, Mary J.
942 ## - ADDED ENTRY ELEMENTS (KOHA)
Koha item type Book
Call number prefix 121 HUM
Source of classification or shelving scheme
Holdings
Withdrawn status Lost status Damaged status Not for loan Collection code Permanent Location Current Location Shelving location Date acquired Source of acquisition Cost, normal purchase price Total Checkouts Total Renewals Full call number Barcode Date last seen Date last checked out Price effective from Koha item type
          Central Library (CL) Central Library (CL) General Stacks 10/16/2006 Progressive International Agencies 1481.58 6 4 121 HUM SEECS007635 12/05/2024 11/24/2021 01/05/2017 Book
© 2023 Central Library, National University of Sciences and Technology. All Rights Reserved.